MARC details
| 000 -CABECERA |
| campo de control de longitud fija |
02261nam a2200337 a 4500 |
| 001 - NÚMERO DE CONTROL |
| campo de control |
BRCA_3202 |
| 005 - FECHA Y HORA DE LA ÚLTIMA TRANSACCIÓN |
| campo de control |
20190320204148.0 |
| 008 - DATOS DE LONGITUD FIJA--INFORMACIÓN GENERAL |
| campo de control de longitud fija |
190209s1742----enka---###---#000-0deng-u |
| 041 ## - CÓDIGO DE LENGUA |
| Código de lengua del texto/banda sonora o título independiente |
eng |
| 044 ## - CÓDIGO DEL PAÍS DE LA ENTIDAD EDITORA/PRODUCTORA |
| Código MARC del país |
enk |
| 084 ## - OTRO NÚMERO DE CLASIFICACIÓN |
| Número de clasificación |
503 |
| Número de documento/Ítem |
.T66 |
| -- |
1742 |
| 100 1# - ENTRADA PRINCIPAL--NOMBRE DE PERSONA |
| Nombre de persona |
Cervantes Saavedra, Miguel de |
| Fechas asociadas al nombre |
1547-1616 |
| 9 (RLIN) |
213 |
| 245 10 - MENCIÓN DE TÍTULO |
| Título |
The Life and Exploits of the Ingenious Gentleman Don Quixote de la Mancha |
| Mención de responsabilidad, etc. |
Miguel de Cervantes Saavedra. |
| 260 ## - PUBLICACIÓN, DISTRIBUCIÓN, ETC. |
| Lugar de publicación, distribución, etc. |
Londres |
| Nombre del editor, distribuidor, etc. |
J. y R. Tonson |
| Fecha de publicación, distribución, etc. |
1742 |
| 300 ## - DESCRIPCIÓN FÍSICA |
| Extensión |
2 v. en 4 tomos |
| Otras características físicas |
il. |
| Dimensiones |
32 cm. |
| 500 ## - NOTA GENERAL |
| Nota general |
Contenido : v 1. Primera parte. Prefacio del traductor. Advertencia por John Olfield. Retrato de Cervantes por Kent. Vida de Cervantes por Mayáns, traducida por Ozell. Prólogo del autor. Texto. -- v 2. Segunda parte. Prólogo del autor. Texto |
| 500 ## - NOTA GENERAL |
| Nota general |
Edición : Translated from the Original Spanish of by Charles Jarvis. Illustrated by Vanderbank |
| 500 ## - NOTA GENERAL |
| Nota general |
Traducción de Jarvis, relativamente fiel al original. Ha tomado mucho de Shelton limándolo y mejorándolo muchas veces. Puso también notas históricas y explicativas del texto, en las que descubre alusiones y sátiras contra la aristocracia y clero españoles. Contiene la vida de Cervantes escrita por Gregorio Mayáns y traducida por Ozell. Va precedida del retrato de Cervantes dibujado por Kent, y está adornada con láminas de Vanderbank, tomadas del modelo español impreso en Londres, en 1738. Suprime las dos dedicatorias cervantinas. Aunque no supera a la edición española, está lujosamente presentada, y entrambas son, desde este punto de vista, las más notables de las hasta entonces publicadas. Semipiel; lomos decorados con filetes dorados Lúdovik Osterc |
| 500 ## - NOTA GENERAL |
| Nota general |
Con ex - libris de : T. Faifax Best Norton |
| 500 ## - NOTA GENERAL |
| Nota general |
QM408 |
| 546 ## - NOTA DE LENGUA/LENGUAJE |
| Nota de lengua/lenguaje |
Texto en : inglés |
| 650 14 - PUNTO DE ACCESO ADICIONAL DE MATERIA--TÉRMINO DE MATERIA |
| Término de materia o nombre geográfico como elemento de entrada |
Novela española |
| Subdivisión cronológica |
Época clásica, 1500-1700 |
| 9 (RLIN) |
215 |
| 650 14 - PUNTO DE ACCESO ADICIONAL DE MATERIA--TÉRMINO DE MATERIA |
| Término de materia o nombre geográfico como elemento de entrada |
Literatura española |
| Subdivisión cronológica |
Época clásica, 1500-1700 |
| 9 (RLIN) |
216 |
| 650 14 - PUNTO DE ACCESO ADICIONAL DE MATERIA--TÉRMINO DE MATERIA |
| Término de materia o nombre geográfico como elemento de entrada |
Novela española |
| Subdivisión cronológica |
Siglo XVII |
| 9 (RLIN) |
217 |
| 650 14 - PUNTO DE ACCESO ADICIONAL DE MATERIA--TÉRMINO DE MATERIA |
| Término de materia o nombre geográfico como elemento de entrada |
Don Quijote (Personaje ficticio) |
| Término indicativo de función/relación |
Novela |
| 9 (RLIN) |
218 |
| 700 1# - PUNTO DE ACCESO ADICIONAL--NOMBRE DE PERSONA |
| Nombre de persona |
Mayans I. Siscar, Gregorio |
| Fechas asociadas al nombre |
1699-1781 |
| Término indicativo de función/relación |
Biógrafo |
| 9 (RLIN) |
8577 |
| 700 1# - PUNTO DE ACCESO ADICIONAL--NOMBRE DE PERSONA |
| Nombre de persona |
Ozell, John |
| Fechas asociadas al nombre |
?-1743 |
| Término indicativo de función/relación |
Anotador |
| 9 (RLIN) |
8578 |
| 740 0# - PUNTO DE ACCESO ADICIONAL--TÍTULO RELACIONADO O ANALÍTICO NO CONTROLADO |
| Título relacionado o analítico no controlado |
El Ingenioso Hidalgo Don Quijote de la Mancha |
| 902 ## - CATALOGADOR |
| Iniciales |
QFM |
| 942 ## - ELEMENTOS DE PUNTO DE ACCESO ADICIONAL (KOHA) |
| Fuente del sistema de clasificación o colocación |
Library of Congress Classification |
| Tipo de ítem Koha |
Libros |